| 000 | 00812nam a2200205 a 4500 | ||
|---|---|---|---|
| 008 | 120416s1996 ||||||||||||||||| || u | ||
| 020 | _a0412733609 | ||
| 050 | _aHF 5635 Dru | ||
| 100 | _aDrury, Colin | ||
| 245 | 1 | 0 | _aManagement and cost accounting. (4th ed.) |
| 250 | _a4th ed. | ||
| 260 |
_aLondon _bInternational Thomson Business Press _c1996 |
||
| 300 | _axxiv, 874p. : ill. | ||
| 350 | _a0.00 | ||
| 650 | 0 | _aACCOUNTING--HANDBOOKS, MANUALS, ETC | |
| 650 | 0 | _aMANAGERIAL ACCOUNTING | |
| 650 | 0 | _aCOST ACCOUNTING | |
| 995 |
_aSHORT LOAN BOOKS _D0.00 _e729930 _FCBU-MAIN LIBRARY (Kitwe) _H1 _I0.00 _jHF 5635 Dru _M2 _UAVAILABLE _WDec 7, 2007 _y023968 _ZShort Loan Collection |
||
| 995 |
_aSHORT LOAN BOOKS _D0.00 _e729931 _FCBU-MAIN LIBRARY (Kitwe) _H2 _I16.90 _jHF 5635 Dru _M1 _UAVAILABLE _y55678 _ZShort Loan Collection |
||
| 999 |
_c82401 _d82401 |
||